[Event "Saint Louis Blitz 2024"]
[Site "Saint Louis USA"]
[Date "2024.08.16"]
[Round "10.3"]
[White "So, Wesley"]
[Black "Nepomniachtchi, Ian"]
[Result "1/2-1/2"]
[WhiteTitle "GM"]
[BlackTitle "GM"]
[WhiteElo "2751"]
[BlackElo "2767"]
[WhiteFideId "5202213"]
[BlackFideId "4168119"]
[EventDate "2024.08.15"]

1. d4 Nf6 2. c4 e6 3. g3 d5 4. Bg2 Be7 5. Nf3 O-O 6. O-O dxc4 7. Qc2 a6 8. a4
Bd7 9. Qxc4 Bc6 10. Bg5 Nbd7 11. Nc3 h6 12. Bxf6 Nxf6 13. a5 Qd6 14. Rfd1 Qb4
15. Qxb4 Bxb4 16. Ne5 Bxg2 17. Kxg2 Rfd8 18. e3 c5 19. Ra4 cxd4 20. Rxb4 dxc3
21. Rxd8+ Rxd8 22. bxc3 Rd5 23. Nc4 Rd7 24. Ne5 Rc7 25. c4 Kf8 26. Kf3 Ke7 27.
c5 Nd7 28. Nxd7 Kxd7 29. Ke4 Kc6 30. Rb6+ Kxc5 31. g4 Kc4 32. h4 g5 33. hxg5
hxg5 34. Ke5 Rc5+ 35. Kf6 Rb5 36. Rd6 Rxa5 37. Kxf7 b5 38. Rc6+ Kd3 39. Rd6+ Ke2
40. f4 b4 41. Rb6 gxf4 42. exf4 Rb5 43. Rxe6+ Kf3 44. g5 b3 45. Re1 Kxf4 46. g6
a5 47. g7 Rf5+ 48. Ke7 Rg5 49. Kf7 Kf3 50. Re5 Rxg7+ 51. Kxg7 a4 52. Rb5 Ke2 53.
Rb4 Kd2 54. Rxa4 b2 55. Rb4 Kc3 56. Rxb2 Kxb2 1/2-1/2

[Event "Saint Louis Blitz 2024"]
[Site "Saint Louis USA"]
[Date "2024.08.16"]
[Round "10.4"]
[White "Aronian, Levon"]
[Black "Caruana, Fabiano"]
[Result "0-1"]
[WhiteTitle "GM"]
[BlackTitle "GM"]
[WhiteElo "2729"]
[BlackElo "2793"]
[WhiteFideId "13300474"]
[BlackFideId "2020009"]
[EventDate "2024.08.15"]

1. e4 e5 2. d3 Nc6 3. Nc3 Bc5 4. Nf3 d6 5. Na4 Nge7 6. Nxc5 dxc5 7. c3 O-O 8.
Be2 h6 9. O-O Ng6 10. Be3 b6 11. a3 a5 12. Rc1 Ba6 13. Qa4 Qd7 14. Rfd1 Rfd8 15.
Qc2 Qe6 16. Bf1 Qf6 17. b4 axb4 18. axb4 cxb4 19. cxb4 Bb5 20. d4 Ba4 21. Qc3
Bxd1 22. Rxd1 exd4 23. Nxd4 Nge5 24. h3 Nxd4 25. Rxd4 Qe7 26. f4 Ng6 27. e5 Rxd4
28. Qxd4 Rd8 29. Qe4 Nf8 30. Bc4 Qd7 31. Kh2 b5 32. Be2 Qd5 33. Qc2 Ne6 34. Kg3
g5 35. Bf3 gxf4+ 36. Bxf4 Qd4 37. Bxh6 Qxe5+ 38. Kf2 Qd4+ 39. Be3 Qxb4 40. Qf5
Qb2+ 41. Kg3 Qg7+ 42. Kh2 b4 43. Qh5 Qg6 44. Qh4 b3 45. Be4 f5 46. Bb1 Qg7 47.
Bxf5 Qe5+ 0-1

[Event "Saint Louis Blitz 2024"]
[Site "Saint Louis USA"]
[Date "2024.08.16"]
[Round "10.5"]
[White "Dominguez Perez, Leinier"]
[Black "Firouzja, Alireza"]
[Result "0-1"]
[WhiteTitle "GM"]
[BlackTitle "GM"]
[WhiteElo "2748"]
[BlackElo "2751"]
[WhiteFideId "3503240"]
[BlackFideId "12573981"]
[EventDate "2024.08.15"]

1. e4 c6 2. d4 d5 3. Nc3 dxe4 4. Nxe4 Nf6 5. Nxf6+ exf6 6. c3 Bd6 7. Bd3 O-O 8.
Qc2 Re8+ 9. Ne2 h5 10. O-O Na6 11. Bd2 h4 12. h3 Nc7 13. Rae1 Ne6 14. f4 Bc7 15.
f5 Ng5 16. Bf4 Bd7 17. Qc1 c5 18. dxc5 Bc6 19. Nd4 Qd5 20. Nxc6 bxc6 21. Bxc7
Qxd3 22. b4 Qc4 23. a3 Re4 24. Bf4 Rxe1 25. Qxe1 Ne4 26. Rf3 Rd8 27. Kh2 Rd3 28.
Qe2 Rxc3 29. Qxc4 Rxc4 30. Bc7 g5 31. fxg6 fxg6 32. Rd3 Kf7 33. Bb8 a6 34. Rd1
g5 35. Bc7 f5 36. Rb1 f4 37. a4 Rc2 38. Kh1 Ng3+ 39. Kg1 Ne2+ 40. Kh1 Nd4 41.
Be5 Nf5 42. b5 cxb5 43. axb5 axb5 44. Bd6 Ke6 45. Re1+ Ne3 46. Bc7 Rxc5 47. Bb6
Rc3 48. Rb1 Nf5 49. Rxb5 Rc1+ 50. Kh2 Ng3 51. Bg1 Rc2 52. Rxg5 f3 53. Rxg3 hxg3+
54. Kxg3 Rxg2+ 0-1

[Event "Saint Louis Blitz 2024"]
[Site "Saint Louis USA"]
[Date "2024.08.16"]
[Round "11.1"]
[White "Nepomniachtchi, Ian"]
[Black "Praggnanandhaa, R"]
[Result "0-1"]
[WhiteTitle "GM"]
[BlackTitle "GM"]
[WhiteElo "2767"]
[BlackElo "2749"]
[WhiteFideId "4168119"]
[BlackFideId "25059530"]
[EventDate "2024.08.15"]

1. c4 Nf6 2. Nc3 e5 3. Nf3 Nc6 4. e3 Bb4 5. Qc2 Bxc3 6. Qxc3 Qe7 7. a3 a5 8. b4
d6 9. b5 Nb8 10. Bb2 O-O 11. Be2 Nbd7 12. d4 exd4 13. Nxd4 Nc5 14. Qc2 Re8 15.
O-O Qe4 16. Qxe4 Nfxe4 17. Rac1 b6 18. Rfd1 Bb7 19. f3 Ng5 20. Kf2 Nge6 21. Nf5
f6 22. h4 Rad8 23. g4 Kf8 24. h5 Kf7 25. e4 Ng5 26. Ne3 Nge6 27. Bf1 g6 28. Nd5
Bxd5 29. cxd5 Nf8 30. hxg6+ hxg6 31. Be2 Nfd7 32. Rh1 Rh8 33. Ke3 Rde8 34. g5
Ne5 35. gxf6 g5 36. Rxh8 Rxh8 37. Rg1 Kxf6 38. Bc1 Rh3 39. Rg2 g4 40. Bb2 gxf3
41. Rf2 Ke7 42. Rxf3 Rxf3+ 43. Bxf3 Nc4+ 44. Kd4 Nxb2 45. e5 dxe5+ 46. Kxe5 Nc4+
47. Kd4 Nxa3 0-1

[Event "Saint Louis Blitz 2024"]
[Site "Saint Louis USA"]
[Date "2024.08.16"]
[Round "11.2"]
[White "Caruana, Fabiano"]
[Black "So, Wesley"]
[Result "1/2-1/2"]
[WhiteTitle "GM"]
[BlackTitle "GM"]
[WhiteElo "2793"]
[BlackElo "2751"]
[WhiteFideId "2020009"]
[BlackFideId "5202213"]
[EventDate "2024.08.15"]

1. d4 Nf6 2. c4 e6 3. Nc3 Bb4 4. e3 c5 5. a3 Bxc3+ 6. bxc3 b6 7. Bd3 Bb7 8. f3
O-O 9. e4 Ne8 10. Nh3 Nc6 11. Be3 Na5 12. O-O Ba6 13. Qe2 Qe7 14. e5 Rc8 15. f4
cxd4 16. cxd4 f5 17. d5 Bxc4 18. d6 Qd8 19. Rac1 Bd5 20. Ba6 Rc6 21. Ng5 h6 22.
Nf3 Rxc1 23. Rxc1 Nc6 24. Bc4 Bxc4 25. Qxc4 g6 26. a4 Ng7 27. Nd4 Nxd4 28. Qxd4
Qa8 29. Rc7 Rd8 30. a5 Ne8 31. axb6 axb6 32. Rc1 b5 33. h3 Rc8 34. Rxc8 Qxc8 35.
Qb6 Qc3 36. Kh2 Ng7 37. Bf2 Qd2 38. Bg3 g5 39. fxg5 hxg5 40. Bf2 f4 41. Kg1 Qd1+
42. Kh2 Qd2 43. Kh1 Kh7 44. Bg1 Nf5 45. Qxb5 Ng3+ 46. Kh2 Kh6 47. Qxd7 Nf1+ 48.
Kh1 Ng3+ 49. Kh2 Nf1+ 50. Kh1 Ng3+ 1/2-1/2

[Event "Saint Louis Blitz 2024"]
[Site "Saint Louis USA"]
[Date "2024.08.16"]
[Round "11.3"]
[White "Dominguez Perez, Leinier"]
[Black "Vachier-Lagrave, Maxime"]
[Result "1-0"]
[WhiteTitle "GM"]
[BlackTitle "GM"]
[WhiteElo "2748"]
[BlackElo "2721"]
[WhiteFideId "3503240"]
[BlackFideId "623539"]
[EventDate "2024.08.15"]

1. e4 c5 2. Nf3 d6 3. d4 cxd4 4. Nxd4 Nf6 5. Nc3 a6 6. Be3 Ng4 7. Bc1 Nf6 8. Be3
Ng4 9. Bg5 h6 10. Bh4 g5 11. Bg3 Bg7 12. h3 Ne5 13. Nf5 Bxf5 14. exf5 Nbc6 15.
Nd5 e6 16. fxe6 fxe6 17. Ne3 O-O 18. Be2 d5 19. O-O Ng6 20. c4 d4 21. Nc2 Nf4
22. Bxf4 Rxf4 23. Ne1 e5 24. g3 Rf8 25. Bf3 Qd7 26. Nd3 Kh8 27. Kg2 Rae8 28. Be4
Ne7 29. Nc5 Qc8 30. Nxb7 Nf5 31. c5 Rf7 32. c6 Ref8 33. Qd3 Qc7 34. Rac1 Rf6 35.
Nc5 Nd6 36. Nd7 h5 37. Nxf8 Bxf8 38. Rfe1 Bh6 39. Rc5 1-0

[Event "Saint Louis Blitz 2024"]
[Site "Saint Louis USA"]
[Date "2024.08.16"]
[Round "11.5"]
[White "Firouzja, Alireza"]
[Black "Aronian, Levon"]
[Result "1/2-1/2"]
[WhiteTitle "GM"]
[BlackTitle "GM"]
[WhiteElo "2751"]
[BlackElo "2729"]
[WhiteFideId "12573981"]
[BlackFideId "13300474"]
[EventDate "2024.08.15"]

1. e4 e6 2. d4 d5 3. Nc3 Nf6 4. e5 Nfd7 5. f4 c5 6. Nf3 Nc6 7. Be3 Be7 8. a3 a6
9. dxc5 Bxc5 10. Bxc5 Nxc5 11. b4 Nd7 12. Bd3 Qb6 13. Qd2 O-O 14. Qf2 Qxf2+ 15.
Kxf2 Nb6 16. Ne2 Bd7 17. c3 Na7 18. Nfd4 Rfc8 19. h4 Bb5 20. Nxb5 Nxb5 21. Rh3
Na4 22. Rc1 Nb2 23. f5 Nxa3 24. Nd4 Nxd3+ 25. Rxd3 Nb5 26. fxe6 Nxd4 27. exf7+
Kxf7 28. Rxd4 Ke6 29. Rcd1 Rxc3 30. Rxd5 Rf8+ 31. Kg1 Rf7 32. b5 a5 33. b6 Rb3
34. Rxa5 Rxb6 35. Rd2 Rd7 36. Re2 Rb4 37. h5 Rh4 38. Rb5 Rxh5 39. Rb6+ Ke7 40.
e6 Rc7 41. Reb2 Rg5 42. Rxb7 Rxb7 43. Rxb7+ Kxe6 44. Kf2 Kf6 45. g3 Rc5 46. Rb3
Kg5 47. Kf3 h5 48. Ra3 Kf5 49. Rb3 Ra5 50. Rc3 g6 51. Rb3 Ke5 52. Re3+ Kd4 53.
Rb3 Rf5+ 54. Kg2 Rc5 55. Rb4+ Kd3 56. Rb3+ Rc3 57. Rb6 g5 58. Rb5 Rc2+ 59. Kg1
g4 60. Rxh5 Ke4 61. Ra5 Re2 62. Kf1 Rb2 63. Ra4+ Kf3 64. Ra3+ Ke4 65. Ra4+ Kf3
66. Ra3+ Ke4 67. Ra4+ Kf3 1/2-1/2

[Event "Saint Louis Blitz 2024"]
[Site "Saint Louis USA"]
[Date "2024.08.16"]
[Round "12.1"]
[White "So, Wesley"]
[Black "Firouzja, Alireza"]
[Result "1/2-1/2"]
[WhiteTitle "GM"]
[BlackTitle "GM"]
[WhiteElo "2751"]
[BlackElo "2751"]
[WhiteFideId "5202213"]
[BlackFideId "12573981"]
[EventDate "2024.08.15"]

1. Nf3 d5 2. g3 g6 3. Bg2 Bg7 4. d4 Nf6 5. c4 dxc4 6. Na3 O-O 7. O-O c5 8. dxc5
c3 9. Nb5 Na6 10. Nxc3 Nxc5 11. Be3 Nce4 12. Nxe4 Nxe4 13. Bd4 Bxd4 14. Qxd4
Qxd4 15. Nxd4 Nd6 16. Rac1 e5 17. Nb3 Be6 18. Na5 e4 19. Rfd1 Rac8 20. h4 Rxc1
21. Rxc1 Rc8 22. Rd1 Nc4 23. Nxc4 Rxc4 24. b3 Rc2 25. Bxe4 Rxa2 26. Bxb7 Bxb3
27. Rb1 Be6 28. e4 a5 29. Bd5 Bxd5 30. exd5 Rd2 31. Rb5 a4 32. Ra5 a3 33. Rxa3
Rxd5 34. Kg2 h5 35. Ra4 Rc5 36. Ra3 Rd5 37. Ra4 Rc5 38. Ra3 Rd5 1/2-1/2

[Event "Saint Louis Blitz 2024"]
[Site "Saint Louis USA"]
[Date "2024.08.16"]
[Round "12.2"]
[White "Aronian, Levon"]
[Black "Dominguez Perez, Leinier"]
[Result "1-0"]
[WhiteTitle "GM"]
[BlackTitle "GM"]
[WhiteElo "2729"]
[BlackElo "2748"]
[WhiteFideId "13300474"]
[BlackFideId "3503240"]
[EventDate "2024.08.15"]

1. e4 e5 2. d3 Nf6 3. f4 exf4 4. Bxf4 Nc6 5. Be2 Be7 6. c4 O-O 7. Nc3 Nd4 8. Nf3
Bc5 9. Bg5 h6 10. Bh4 d6 11. Rf1 c6 12. Nd2 g5 13. Bf2 Be6 14. Nb3 Nxb3 15. axb3
Bxf2+ 16. Rxf2 c5 17. d4 Qe7 18. Qd3 Nd7 19. O-O-O Rad8 20. Kb1 a6 21. Qg3 cxd4
22. Rxd4 Ne5 23. h4 Kg7 24. Nd1 b5 25. Ne3 f6 26. Bg4 Bxg4 27. Nxg4 Nxg4 28.
Qxg4 bxc4 29. bxc4 Rb8 30. c5 Rbd8 31. Rfd2 Rfe8 32. cxd6 Qe6 33. Qg3 Rd7 34.
hxg5 hxg5 35. Rc2 Kf7 36. Rc7 Rd8 37. Rxd7+ Rxd7 38. Qd3 a5 39. Rd5 a4 40. Qd4
Kg6 41. Ka2 Kf7 42. Ka3 Kg6 43. Kxa4 Rd8 44. Kb3 Qd7 1-0

[Event "Saint Louis Blitz 2024"]
[Site "Saint Louis USA"]
[Date "2024.08.16"]
[Round "12.3"]
[White "Praggnanandhaa, R"]
[Black "Caruana, Fabiano"]
[Result "1-0"]
[WhiteTitle "GM"]
[BlackTitle "GM"]
[WhiteElo "2749"]
[BlackElo "2793"]
[WhiteFideId "25059530"]
[BlackFideId "2020009"]
[EventDate "2024.08.15"]

1. d4 Nf6 2. Bg5 c6 3. Nc3 d5 4. e3 Bf5 5. Bxf6 exf6 6. Bd3 Bg6 7. Nf3 Bd6 8.
O-O Nd7 9. e4 dxe4 10. Nxe4 Bc7 11. c3 O-O 12. Re1 Re8 13. Qc2 a5 14. Ng3 Bxd3
15. Qxd3 g6 16. Rxe8+ Qxe8 17. Re1 Qf8 18. Nf1 a4 19. N1d2 Kg7 20. g3 Rd8 21.
Qc2 b5 22. c4 Ba5 23. cxb5 cxb5 24. Rc1 Nb6 25. Ne4 Qe7 26. Nc5 Nd5 27. Qd3 Rb8
28. Kg2 Qd6 29. a3 b4 30. Nxa4 bxa3 31. bxa3 Bd8 32. Nc5 Rb2 33. Rc2 Rb1 34. Re2
Rb8 35. a4 Bb6 36. Qc4 Rc8 37. Qa6 Qc6 38. Rc2 Nb4 39. Ne6+ Qxe6 40. Qxc8 Nxc2
41. Qxc2 Qd5 42. Qd3 h5 43. Qb5 Qd8 44. d5 Qc7 45. Ne1 Ba7 46. Qb3 Qc5 47. Nd3
Qd4 48. a5 h4 49. a6 Qe4+ 50. Kf1 h3 51. Nf4 Qh1+ 52. Ke2 Qxh2 53. Qf3 Qg1 54.
Nxh3 Qa1 55. Qd3 Qa2+ 56. Kf1 Qa1+ 57. Kg2 Qa4 58. Nf4 Qd7 59. Qc4 Qe7 60. Qd3
Qd6 61. Ne2 Qc5 62. Qf3 Qb6 63. Nc3 Qxa6 64. Ne4 Bd4 65. d6 Qc6 66. Qd3 Bb6 67.
Kh2 f5 68. Ng5 Bd8 69. Nf3 Bf6 70. Nd2 Qd7 71. Qd5 Bd8 72. Nc4 Kg8 73. Kg2 Bf6
74. Nb6 Qd8 75. Qc6 Kg7 76. d7 f4 77. Nd5 Bg5 78. Nxf4 Qe7 79. Qd5 Bf6 80. Nd3
Qd8 81. Nc5 Qb6 82. Nb7 Bd8 83. Qe5+ Bf6 84. Qd5 Bd8 85. Nxd8 Qxd8 86. Qe5+ Kf8
87. Qd6+ Kg7 88. f3 f6 89. Qe6 Qb8 90. Qe7+ 1-0

[Event "Saint Louis Blitz 2024"]
[Site "Saint Louis USA"]
[Date "2024.08.16"]
[Round "12.5"]
[White "Vachier-Lagrave, Maxime"]
[Black "Abdusattorov, Nodirbek"]
[Result "0-1"]
[WhiteTitle "GM"]
[BlackTitle "GM"]
[WhiteElo "2721"]
[BlackElo "2762"]
[WhiteFideId "623539"]
[BlackFideId "14204118"]
[EventDate "2024.08.15"]

1. e4 c5 2. Nf3 d6 3. d4 cxd4 4. Nxd4 Nf6 5. Bc4 g6 6. Nc3 Bg7 7. Be3 Ng4 8.
Bb5+ Kf8 9. O-O Be5 10. Qd2 Bxh2+ 11. Kh1 Be5 12. f4 Bg7 13. e5 Kg8 14. Rad1 e6
15. Nf3 d5 16. Ne4 Bd7 17. Nd6 Bxb5 18. Nxb5 Nc6 19. Nd6 Bf8 20. Bc5 b6 21. Ba3
h6 22. c3 Ne7 23. Qe2 Qc7 24. Nd4 h5 25. Rd3 Nf5 26. N4xf5 gxf5 27. Rc1 Bxd6 28.
exd6 Qc4 29. Rf1 h4 30. Rff3 Qe4 31. Qf1 h3 32. Rxh3 Qxd3 33. Qxd3 Rxh3+ 34.
Qxh3 Nf2+ 35. Kg1 Nxh3+ 36. gxh3 0-1

[Event "Saint Louis Blitz 2024"]
[Site "Saint Louis USA"]
[Date "2024.08.16"]
[Round "13.1"]
[White "Aronian, Levon"]
[Black "Vachier-Lagrave, Maxime"]
[Result "1/2-1/2"]
[WhiteTitle "GM"]
[BlackTitle "GM"]
[WhiteElo "2729"]
[BlackElo "2721"]
[WhiteFideId "13300474"]
[BlackFideId "623539"]
[EventDate "2024.08.15"]

1. Nf3 d5 2. d4 Nf6 3. e3 e6 4. Nbd2 c5 5. b3 b6 6. Bb2 Be7 7. Bb5+ Bd7 8. Bd3
Nc6 9. a3 a6 10. Ne5 b5 11. dxc5 Bxc5 12. b4 Bd6 13. f4 Qb6 14. Qf3 Qc7 15. Nxc6
Bxc6 16. Qg3 Ne4 17. Bxe4 dxe4 18. c4 f6 19. Rc1 O-O 20. cxb5 axb5 21. Nxe4 Be7
22. O-O Rad8 23. Qg4 Qd7 24. Rfd1 Qc8 25. Rxd8 Bxd8 26. Nd6 Qd7 27. Rxc6 Be7 28.
Ne8 Rxe8 29. Qxe6+ Qxe6 30. Rxe6 Kf7 31. Rb6 Bd8 32. Rb7+ Re7 33. Rxe7+ Kxe7 34.
Kf2 g6 35. Ke2 f5 36. Kd3 Kd6 37. e4 h5 38. g3 Kc6 39. Be5 Bb6 40. Bd4 Bd8 41.
Bc5 Kd7 42. Kd4 Ke6 43. Ba7 Be7 44. e5 g5 45. Bc5 Bd8 46. Kc3 gxf4 47. gxf4 Bh4
48. a4 Be1+ 49. Kb3 bxa4+ 50. Kxa4 Bd2 51. b5 Bxf4 52. Bd6 Be3 53. Bc7 f4 54. b6
f3 55. b7 Ba7 56. Bb6 Bb8 57. Kb3 Kxe5 58. Kc4 Kd6 59. Kd3 Kc6 60. Bf2 Kxb7 61.
Ke4 Bxh2 62. Kxf3 h4 63. Bxh4 1/2-1/2

[Event "Saint Louis Blitz 2024"]
[Site "Saint Louis USA"]
[Date "2024.08.16"]
[Round "13.2"]
[White "Nepomniachtchi, Ian"]
[Black "Abdusattorov, Nodirbek"]
[Result "0-1"]
[WhiteTitle "GM"]
[BlackTitle "GM"]
[WhiteElo "2767"]
[BlackElo "2762"]
[WhiteFideId "4168119"]
[BlackFideId "14204118"]
[EventDate "2024.08.15"]

1. c4 e6 2. g3 d5 3. Bg2 Nf6 4. Nf3 dxc4 5. Qa4+ Nbd7 6. Qxc4 a6 7. Qc2 c5 8.
Nc3 Qc7 9. d4 b5 10. O-O Bb7 11. Bf4 Bd6 12. Bxd6 Qxd6 13. Rfd1 O-O 14. dxc5
Qxc5 15. a3 Rac8 16. Rac1 Nb6 17. Qb1 Nc4 18. Nd2 Ng4 19. Nde4 Qa7 20. h3 Nge3
21. Ng5 g6 22. Bxb7 Nxd1 23. Rxd1 Qxb7 24. b3 Ne3 25. Nce4 Nxd1 26. Qxd1 f6 27.
Nd6 Rfd8 28. Nxe6 Rxd6 0-1

[Event "Saint Louis Blitz 2024"]
[Site "Saint Louis USA"]
[Date "2024.08.16"]
[Round "13.3"]
[White "Dominguez Perez, Leinier"]
[Black "So, Wesley"]
[Result "1/2-1/2"]
[WhiteTitle "GM"]
[BlackTitle "GM"]
[WhiteElo "2748"]
[BlackElo "2751"]
[WhiteFideId "3503240"]
[BlackFideId "5202213"]
[EventDate "2024.08.15"]

1. e4 e5 2. Nf3 Nc6 3. Bb5 Nf6 4. O-O Nxe4 5. Re1 Nd6 6. Nxe5 Be7 7. Bf1 Nxe5 8.
Rxe5 O-O 9. Nc3 Bf6 10. Re1 Re8 11. Nd5 Rxe1 12. Qxe1 b6 13. g3 Bb7 14. Bg2 Bxd5
15. Bxd5 c6 16. Bg2 Qe7 17. Qf1 Re8 18. c3 Bg5 19. h4 Bh6 20. d4 Bxc1 21. Qxc1
Qe2 22. Bf1 Qf3 23. Bg2 Qe2 24. Bf1 Qf3 25. Bg2 Qe2 1/2-1/2

[Event "Saint Louis Blitz 2024"]
[Site "Saint Louis USA"]
[Date "2024.08.16"]
[Round "13.4"]
[White "Firouzja, Alireza"]
[Black "Praggnanandhaa, R"]
[Result "1-0"]
[WhiteTitle "GM"]
[BlackTitle "GM"]
[WhiteElo "2751"]
[BlackElo "2749"]
[WhiteFideId "12573981"]
[BlackFideId "25059530"]
[EventDate "2024.08.15"]

1. c4 Nf6 2. g3 g6 3. Bg2 Bg7 4. Nc3 O-O 5. d4 d6 6. Nf3 Nbd7 7. O-O e5 8. e4
Re8 9. h3 b6 10. Re1 exd4 11. Nxd4 Bb7 12. Nc2 Nc5 13. f3 Nfd7 14. Nd5 Ne5 15.
Bf1 c6 16. Nc3 d5 17. cxd5 cxd5 18. exd5 Ned7 19. Be3 Nf6 20. Nb4 a5 21. Nc6 Qd7
22. Kg2 Nxd5 23. Qxd5 Qxc6 24. Qxc6 Bxc6 25. Rad1 Rad8 26. Bg5 Rxd1 27. Rxd1 h6
28. Bc1 h5 29. h4 Be5 30. Kf2 Kg7 31. Be2 Rc8 32. Be3 a4 33. a3 Ne6 34. f4 Bf6
35. Rd6 Nc5 36. Bf3 Bxf3 37. Kxf3 Bxc3 38. bxc3 Ne6 39. Ke2 Kg8 40. Kd3 b5 41.
Rb6 Rd8+ 42. Ke4 Re8 43. Kf3 Rc8 44. Bd2 Rd8 45. Ke2 Rd5 46. Be3 Kf8 47. Rc6 Ke7
48. c4 bxc4 49. Rxc4 Ra5 50. Rb4 Ra6 51. Kd3 Kf6 52. Ke4 Ra5 53. Rb6 Ke7 54. Bd2
Ra7 55. Bb4+ Kd7 56. f5 gxf5+ 57. Kxf5 Rc7 58. Kf6 Rc2 59. Rd6+ Kc8 60. Kxf7 Nc7
61. Kg6 Rg2 62. Rd3 Ne6 63. Kxh5 Kc7 64. Kg4 Ng7 65. Bc3 Ne8 66. Be5+ Kc6 67. h5
Re2 68. Kf5 1-0

[Event "Saint Louis Blitz 2024"]
[Site "Saint Louis USA"]
[Date "2024.08.16"]
[Round "14.1"]
[White "Abdusattorov, Nodirbek"]
[Black "Caruana, Fabiano"]
[Result "1-0"]
[WhiteTitle "GM"]
[BlackTitle "GM"]
[WhiteElo "2762"]
[BlackElo "2793"]
[WhiteFideId "14204118"]
[BlackFideId "2020009"]
[EventDate "2024.08.15"]

1. e4 e5 2. Nf3 Nc6 3. Nc3 Nf6 4. d4 exd4 5. Nxd4 Bb4 6. Nxc6 bxc6 7. Bd3 d6 8.
O-O h6 9. Na4 O-O 10. a3 Ba5 11. b4 Bb6 12. Bb2 Re8 13. Qf3 Be6 14. c4 Nd7 15.
Qe2 c5 16. Kh1 cxb4 17. axb4 a5 18. f4 f6 19. e5 f5 20. exd6 cxd6 21. c5 dxc5
22. Bc4 Nf8 23. Rad1 Qc7 24. Be5 Qa7 25. Bxe6+ Nxe6 26. Qc4 Kh7 27. Rd6 Bc7 28.
Rxe6 Bxe5 29. Rxe5 cxb4 30. Rxf5 Qd7 31. Qc2 b3 32. Qb1 Qd2 33. Re5+ Kh8 34.
Qxb3 Rab8 35. Qc3 Qa2 36. Nc5 Rg8 37. Re6 Kh7 38. Qd3+ Kh8 39. Qd4 Kh7 40. Qe4+
Kh8 41. Qe5 Kh7 42. Nd7 Qc4 43. Qe4+ Qxe4 44. Rxe4 Rb5 45. Ra1 Rd8 46. Ne5 Rd2
47. Rea4 Rc2 48. h3 Rbb2 49. Rg1 Rb5 50. Kh2 g5 51. Nf3 Rcb2 52. fxg5 hxg5 53.
Rga1 Rf5 54. R1a3 Rbb5 55. Nd4 1-0

[Event "Saint Louis Blitz 2024"]
[Site "Saint Louis USA"]
[Date "2024.08.16"]
[Round "14.2"]
[White "Praggnanandhaa, R"]
[Black "Dominguez Perez, Leinier"]
[Result "1-0"]
[WhiteTitle "GM"]
[BlackTitle "GM"]
[WhiteElo "2749"]
[BlackElo "2748"]
[WhiteFideId "25059530"]
[BlackFideId "3503240"]
[EventDate "2024.08.15"]

1. d4 d5 2. Nf3 Nf6 3. Bf4 e6 4. e3 c5 5. Nbd2 Qb6 6. Rb1 Bd6 7. Bg3 Nbd7 8. Be2
O-O 9. O-O Bxg3 10. hxg3 Qc7 11. c4 b6 12. cxd5 Nxd5 13. Rc1 Qd8 14. e4 Ne7 15.
Nc4 Ba6 16. Nd6 Bxe2 17. Qxe2 Nc8 18. Nc4 Qe7 19. Rfd1 h6 20. e5 Rd8 21. g4 Rb8
22. Qe3 Nf8 23. b3 Qc7 24. dxc5 Rxd1+ 25. Rxd1 bxc5 26. g5 h5 27. Nfd2 Nb6 28.
Nd6 Nd5 29. Qf3 Ng6 30. N2c4 h4 31. g3 hxg3 32. fxg3 Rf8 33. Re1 Qe7 34. Qh5 Rb8
35. Re2 Qc7 36. Rf2 Rf8 37. Rh2 Rb8 38. Qh7+ Kf8 39. Rf2 a5 40. Qxg6 1-0

[Event "Saint Louis Blitz 2024"]
[Site "Saint Louis USA"]
[Date "2024.08.16"]
[Round "14.4"]
[White "So, Wesley"]
[Black "Aronian, Levon"]
[Result "1-0"]
[WhiteTitle "GM"]
[BlackTitle "GM"]
[WhiteElo "2751"]
[BlackElo "2729"]
[WhiteFideId "5202213"]
[BlackFideId "13300474"]
[EventDate "2024.08.15"]

1. Nf3 d5 2. g3 g6 3. Bg2 Bg7 4. d4 Nf6 5. c4 O-O 6. O-O Nc6 7. cxd5 Nxd5 8. Nc3
Nb6 9. e3 Re8 10. Re1 a5 11. Qe2 e5 12. Nxe5 Nxe5 13. dxe5 Bxe5 14. f4 Bxc3 15.
bxc3 Bf5 16. Bxb7 Be4 17. Bxa8 Bxa8 18. c4 Qe7 19. e4 Qe6 20. c5 Nd7 21. Bb2
Nxc5 22. f5 Qb6 23. Bd4 Rxe4 24. Qb2 Qxb2 25. Bxb2 gxf5 26. Rxe4 Bxe4 27. Rd1
Nd3 28. Bc3 a4 29. Rb1 f6 30. Bxf6 Kf7 31. Bc3 c5 32. Rb6 Nc1 33. Bd2 Nxa2 34.
Ra6 Nb4 35. Bxb4 cxb4 36. Rxa4 b3 37. Rb4 Bc2 38. Rb6 Ke7 39. Kf2 Kd7 40. Ke3
Kc7 41. Rb4 Kc6 42. Kd4 h5 43. Kc3 Kd5 44. Rh4 Ke5 45. Rxh5 Ke4 46. Rh4+ Kf3 47.
Rf4+ Kg2 48. h4 Kxg3 49. h5 Kxf4 50. h6 Kg3 51. h7 f4 52. h8=Q f3 53. Qg7+ Kf2
54. Kd2 Kf1 55. Ke3 1-0

[Event "Saint Louis Blitz 2024"]
[Site "Saint Louis USA"]
[Date "2024.08.16"]
[Round "14.5"]
[White "Vachier-Lagrave, Maxime"]
[Black "Nepomniachtchi, Ian"]
[Result "1-0"]
[WhiteTitle "GM"]
[BlackTitle "GM"]
[WhiteElo "2721"]
[BlackElo "2767"]
[WhiteFideId "623539"]
[BlackFideId "4168119"]
[EventDate "2024.08.15"]

1. e4 c5 2. Nf3 d6 3. d4 cxd4 4. Nxd4 Nf6 5. Nc3 a6 6. Be3 e5 7. Nb3 Be7 8. f3
Be6 9. Qd2 h5 10. Be2 Nbd7 11. Nd5 Bxd5 12. exd5 Qb8 13. a4 Bd8 14. a5 O-O 15.
O-O b6 16. c3 Nc5 17. Nxc5 bxc5 18. b4 cxb4 19. cxb4 Qb7 20. Rfd1 e4 21. Rac1
exf3 22. Bxf3 Ng4 23. Bd4 Bf6 24. Bxg4 Bxd4+ 25. Qxd4 hxg4 26. Qxg4 Rac8 27. Qd4
Rfe8 28. h3 Re5 29. Qb6 Rxc1 30. Qxb7 Rxd1+ 31. Kh2 Rd2 32. Qxa6 Rg5 33. Qf1 Rb2
34. a6 Rxb4 35. a7 Ra4 36. Qb1 Rxd5 37. Qb8+ Kh7 38. a8=Q Rxa8 39. Qxa8 Rf5 40.
g4 Rf6 41. Kg3 g6 42. h4 Re6 43. Qf8 Rf6 44. h5 gxh5 45. gxh5 d5 46. h6 Rg6+ 47.
Kf4 d4 48. Kf5 Rg1 49. Qxf7+ Kxh6 50. Qf6+ Kh7 51. Qh4+ Kg8 52. Qxd4 Rg7 53. Kf6
Kh8 54. Qe5 Kh7 55. Qe8 Rg3 56. Qe4+ Kg8 57. Qc4+ 1-0

[Event "Saint Louis Blitz 2024"]
[Site "Saint Louis USA"]
[Date "2024.08.16"]
[Round "15.2"]
[White "Caruana, Fabiano"]
[Black "Nepomniachtchi, Ian"]
[Result "1-0"]
[WhiteTitle "GM"]
[BlackTitle "GM"]
[WhiteElo "2793"]
[BlackElo "2767"]
[WhiteFideId "2020009"]
[BlackFideId "4168119"]
[EventDate "2024.08.15"]

1. d4 Nf6 2. c4 e6 3. Nc3 d5 4. cxd5 exd5 5. Bg5 Bb4 6. e3 h6 7. Bh4 Bf5 8. Bd3
Bxd3 9. Qxd3 c6 10. Nf3 Nbd7 11. O-O O-O 12. Ne5 Be7 13. f4 Nxe5 14. fxe5 Nd7
15. Bg3 Bh4 16. Bf4 Qe8 17. e4 dxe4 18. Nxe4 Qe6 19. Nd6 f5 20. Be3 Qd5 21. Rad1
Be7 22. Nxf5 Rf7 23. Bxh6 Raf8 24. Qg3 Kh7 25. Bxg7 Rxf5 26. Bxf8 Rxf1+ 27. Rxf1
Nxf8 28. Qh3+ Kg7 29. Qg4+ Ng6 30. b3 c5 31. dxc5 Qxc5+ 32. Kh1 Qxe5 33. Qf3 b6
34. g3 Kh6 35. Rf2 Bc5 36. Rf1 a5 37. Qd3 Qe6 38. a4 Qc6+ 39. Qf3 Qe6 40. Kg2
Kg7 41. Rd1 Ne7 42. h4 Nf5 43. Qg4+ Kf6 44. Kh3 Nd4 45. Qxe6+ Kxe6 46. Rd3 Kf5
47. g4+ Kf4 48. g5 Kf5 49. Rg3 Ne6 50. Rf3+ Nf4+ 51. Kg3 Bd6 52. g6 Ke4 53. Kg4
Nxg6 54. Rf6 Ne5+ 55. Kh3 Bc5 56. h5 Nd7 57. Rf7 Ne5 58. Rf1 Be3 59. Rf6 Nd7 60.
Re6+ Kf3 61. h6 Bxh6 62. Rxh6 Ke4 63. Rd6 Ne5 64. Rxb6 Kd4 65. Rb5 Nc6 66. Kg4 1-0